000 00483nam a2200169 i 4500
001 44963
003 ES-MaACL
005 20230906161128.0
007 t|
008 030324s1894 sp ||||1| spa d
100 1 _aCoba Gómez, Juan de la.
_939328
245 1 0 _aGran victoria
_b: ópera en un acto /
_cJuan de la Coba Gómez.
260 _aOrense :
_b[s.n.],
_c1894 (
_fImpr. de coplas)
300 _a[8 ] p. ;
_c21 cm.
500 _aSolo la letra.
852 _aES-MaACL
_jT-862-F-7
999 _c44963
_d44963